Capital Cities: 20 Closest flying from Dublin to Jakarta - Statistics

General Stats
  • This quiz has been taken 138 times
  • The average score is 13 of 20
Answer Stats
From Dublin From Jakarta Increase Capital City % Correct
11,211 894 24 Singapore
86%
7,090 4,996 5 New Delhi
84%
10,905 1,182 6 Kuala Lumpur
80%
2,803 9,303 25 Moscow
77%
1,320 10,785 24 Berlin
75%
6,405 5,676 1 Islamabad
75%
757 11,364 40 Amsterdam
73%
1,832 10,266 17 Warsaw
71%
2,523 9,579 21 Kiev
70%
2,217 9,864 < 1 m Minsk
63%
6,091 5,999 9 Kabul
62%
1,242 10,842 3 Copenhagen
61%
8,351 3,761 31 Dhaka
60%
7,687 4,409 15 Kathmandu
60%
1,959 10,143 21 Riga
58%
5,584 6,505 8 Tashkent
58%
2,054 10,027 ≈ 750 m Vilnius
58%
5,758 6,323 ≈ 50 m Dushanbe
53%
5,124 7,000 43 Ashgabat
51%
5,800 6,337 56 Bishkek
50%
No matching quizzes found
Score Distribution
Percent of People with Each Score
Percentile by Number Answered
Your Score History
You have not taken this quiz